| 000 | 00785nam a2200229Ia 4500 | ||
|---|---|---|---|
| 003 | SISC | ||
| 005 | 20181027092012.0 | ||
| 008 | 181023s9999 xx 000 0 und d | ||
| 020 | _a9789719808091 | ||
| 050 |
_aPN 3377.5 _b.Ag283 2017 |
||
| 100 | _aAguila, Augusto Antonio A. | ||
| 245 |
_aTelling the truth: _bthe art of creative nonfiction for senior high school/ _cAugusto Antonio A. Aguila, Ralph Semino Galan, John Jack Wigley |
||
| 260 |
_aQuezon City: _bC and E Publishing, Inc. _c2017 |
||
| 300 |
_avii, 196 pages : _c25 cm. |
||
| 500 | _aIncludes bibliographical reference and index. | ||
| 650 | _aCreative writing | ||
| 650 | _aEnglish language -- Rhetoric | ||
| 700 | _aGalan, Ralph Semino | ||
| 700 | _aWigley, John Jack G. | ||
| 942 |
_2lcc _cBK |
||
| 999 |
_c359405 _d359405 |
||